浜松市の市立中学校 - Statistics

General Stats
  • This quiz has been taken 20 times
  • The average score is 23 of 48
Answer Stats
学校名 % Correct
中央区 天竜中学校
92%
浜名区 三ヶ日中学校
85%
中央区 南部中学校
77%
中央区 雄踏中学校
77%
浜名区 浜名中学校
77%
浜名区 細江中学校
77%
中央区 東部中学校
69%
中央区 北部中学校
69%
浜名区 北浜中学校
69%
天竜区 水窪中学校
69%
中央区 西部中学校
62%
中央区 中部中学校
62%
中央区 湖東中学校
62%
中央区 舞阪中学校
62%
中央区 積志中学校
54%
中央区 富塚中学校
54%
浜名区 引佐南部中学校
54%
天竜区 佐久間中学校
54%
中央区 曳馬中学校
46%
中央区 蜆塚中学校
46%
中央区 南陽中学校
46%
中央区 神久呂中学校
46%
中央区 入野中学校
46%
中央区 高台中学校
46%
中央区 三方原中学校
46%
中央区 東陽中学校
46%
中央区 可美中学校
46%
浜名区 北浜東部中学校
46%
天竜区 春野中学校
46%
中央区 八幡中学校
38%
中央区 与進中学校
38%
中央区 北星中学校
38%
中央区 篠原中学校
38%
中央区 丸塚中学校
38%
中央区 開成中学校
38%
中央区 佐鳴台中学校
38%
浜名区 都田中学校
38%
浜名区 浜北北部中学校
38%
中央区 新津中学校
31%
中央区 江西中学校
31%
中央区 笠井中学校
31%
中央区 中郡中学校
31%
浜名区 引佐北部中学校
31%
中央区 庄内中学校
23%
浜名区 麁玉中学校
23%
天竜区 清竜中学校
23%
天竜区 光が丘中学校
23%
中央区 江南中学校
15%
No matching quizzes found
Score Distribution
Percent of People with Each Score
Percentile by Number Answered
Your Score History
You have not taken this quiz